| 000 | 00418cam a2200193 4500 | ||
|---|---|---|---|
| 001 | D12812 | ||
| 008 | 090401t1959 xxu||||| |||| 00| 0 eng d | ||
| 035 | _a(Sirsi) u5970 | ||
| 041 | _aeng | ||
| 100 | _aGeorge, E.F. | ||
| 245 | 4 | _aThe sale of flats | |
| 250 | _a2nd | ||
| 260 |
_aLondon _bSweet and Maxwell _c1959 |
||
| 300 | _a222p | ||
| 350 | _a0 | ||
| 520 | _aShelf 116 | ||
| 942 | _n0 | ||
| 948 | _c04/03/1997 | ||
| 999 |
_c86234 _d86234 |
||